Mohsin e Insaniyat / (Record no. 194101)

000 -LEADER
fixed length control field 00450 a2200169 4500
003 - CONTROL NUMBER IDENTIFIER
control field Nust
005 - DATE AND TIME OF LATEST TRANSACTION
control field 20230530072703.0
040 ## - CATALOGING SOURCE
Transcribing agency Nust
082 ## - DEWEY DECIMAL CLASSIFICATION NUMBER
Classification number 297.63,NAE
100 ## - MAIN ENTRY--PERSONAL NAME
Personal name Naeem Siddiqui
9 (RLIN) 64634
245 ## - TITLE STATEMENT
Title Mohsin e Insaniyat /
Statement of responsibility, etc. Naeem Siddiqui
260 ## - PUBLICATION, DISTRIBUTION, ETC.
Place of publication, distribution, etc. Lahore , pakistan
Name of publisher, distributor, etc. adara mutala - o- tehqiq
Date of publication, distribution, etc. 2004
300 ## - PHYSICAL DESCRIPTION
Extent 672p;
538 ## - SYSTEM DETAILS NOTE
System details note Almirah No.66, Shelf No.3
650 ## - SUBJECT ADDED ENTRY--TOPICAL TERM
Topical term or geographic name entry element Life of the Prophet of Islam
9 (RLIN) 112834
942 ## - ADDED ENTRY ELEMENTS (KOHA)
Source of classification or shelving scheme
Koha item type Book
Holdings
Withdrawn status Lost status Source of classification or shelving scheme Damaged status Not for loan Permanent Location Current Location Shelving location Date acquired Shelving control number Full call number Barcode Date last seen Price effective from Koha item type Public note
          Military College of Signals (MCS) Military College of Signals (MCS) General Stacks 12/12/2016 Islamic Books 297.63,NAE MCS31423 05/29/2023 12/12/2016 Book Almirah No.64, Shelf No.3
© 2023 Central Library, National University of Sciences and Technology. All Rights Reserved.